[Event "Campionato Interprovinciale AN-AP-FM-MC"]
[Site "?"]
[Date "2019.03.09"]
[Round "3"]
[White "Rinaudo, Andrea"]
[Black "Buonanno, Raffaele"]
[Result "1-0"]
[WhiteElo "2022"]
[BlackElo "2177"]
[PlyCount "131"]
[EventDate "2019.03.11"]

1. e4 d5 2. exd5 Qxd5 3. Nc3 Qd6 4. d4 c6 5. Nf3 Bg4 6. Be2 Nf6 7. O-O e6 8. h3
Bh5 9. Bg5 Nbd7 10. Qd2 Be7 11. Bf4 Qb4 12. Bc7 Bd8 13. a3 Qe7 14. Bf4 O-O 15.
Rfe1 Nb6 16. Bg5 h6 17. Bh4 Bxf3 18. Bxf3 Qd7 19. Qd3 Nfd5 20. Bxd8 Raxd8 21.
Ne4 Nf4 22. Qd2 Qc7 23. Qb4 Nbd5 24. Qb3 Ng6 25. Rad1 b6 26. c4 Ndf4 27. Nc3
Nh4 28. Ne2 c5 29. dxc5 Nxe2+ 30. Bxe2 Qxc5 31. Rxd8 Rxd8 32. Rd1 Rxd1+ 33.
Qxd1 Qg5 34. g3 Nf5 35. Bg4 g6 36. Bxf5 Qxf5 37. Qd4 e5 38. Qc3 h5 39. h4 Kh7
40. b4 Qb1+ 41. Kg2 Qe4+ 42. Kf1 Qb1+ 43. Ke2 Qe4+ 44. Kd2 Qf5 45. Qe3 Qb1 46.
c5 bxc5 47. bxc5 Qa2+ 48. Ke1 Qd5 49. Qc3 Qe4+ 50. Kd2 Qd5+ 51. Ke3 f5 52. c6
f4+ 53. gxf4 exf4+ 54. Kxf4 Qf5+ 55. Ke3 Qe6+ 56. Kd2 Qd5+ 57. Kc1 Qh1+ 58. Kb2
Qf1 59. Qc5 Qe2+ 60. Kb3 Qd1+ 61. Kb4 Qe1+ 62. Kb5 Qe2+ 63. Ka5 Qe1+ 64. Ka6
Qe6 65. Kxa7 Qf7+ 66. c7 1-0